<?xml version="1.0" encoding="UTF-8"?>
<collection xmlns="http://www.loc.gov/MARC21/slim">
 <record>
  <leader>00905nam a22001811  4500</leader>
  <controlfield tag="001">1/14750</controlfield>
  <controlfield tag="008">990628s19      gr       1          gre  </controlfield>
  <datafield tag="035" ind1=" " ind2=" ">
   <subfield code="l">15239</subfield>
  </datafield>
  <datafield tag="040" ind1=" " ind2=" ">
   <subfield code="a">GR-PeUP</subfield>
  </datafield>
  <datafield tag="090" ind1=" " ind2=" ">
   <subfield code="a">341.756 66 ΑΝ</subfield>
  </datafield>
  <datafield tag="100" ind1="1" ind2=" ">
   <subfield code="a">Αντωνιάδης, Ξενοφών Α.</subfield>
  </datafield>
  <datafield tag="245" ind1="1" ind2="2">
   <subfield code="a">Ο πλοίαρχος ως φορεύς δημόσιας εξουσίας :</subfield>
   <subfield code="b">και άλλα θέματα δημόσιου ναυτικού δικαίου /</subfield>
   <subfield code="c">Ξενοφώντας Α. Αντωνιάδου</subfield>
  </datafield>
  <datafield tag="260" ind1=" " ind2=" ">
   <subfield code="a">Πειραιεύς :</subfield>
   <subfield code="b">Ναυτικαί Τεχνικαί Εκδόσεις Ε.Ν. Σταυριδάκης ,</subfield>
   <subfield code="c">19</subfield>
  </datafield>
  <datafield tag="300" ind1=" " ind2=" ">
   <subfield code="a">96 σ. ;</subfield>
   <subfield code="c">24 εκ.</subfield>
  </datafield>
  <datafield tag="504" ind1=" " ind2=" ">
   <subfield code="a">Περιέχει βιβλιογραφία</subfield>
  </datafield>
  <datafield tag="650" ind1=" " ind2="4">
   <subfield code="a">Ναυτικό δίκαιο.</subfield>
  </datafield>
  <datafield tag="650" ind1=" " ind2="4">
   <subfield code="a">Ναυτικό δίκαιο.</subfield>
  </datafield>
  <datafield tag="852" ind1=" " ind2=" ">
   <subfield code="a">INST</subfield>
   <subfield code="b">UNIPILB</subfield>
   <subfield code="c">MAIN</subfield>
   <subfield code="e">20040709</subfield>
   <subfield code="h">341.756 66 ΑΝ</subfield>
   <subfield code="p">00130830</subfield>
   <subfield code="q">00130830</subfield>
   <subfield code="t">LOAN</subfield>
   <subfield code="y">0</subfield>
   <subfield code="4">1</subfield>
  </datafield>
 </record>
</collection>
